| 000 | 00358nam a2200145Ia 4500 | ||
|---|---|---|---|
| 005 | 20250729165728.0 | ||
| 008 | 250729s2003 xx 000 0 und d | ||
| 041 | _akan | ||
| 082 | _a494.507 SIDA | ||
| 100 |
_aDr.Siddalingayya _9231573 |
||
| 245 | _aYeakalavya | ||
| 260 |
_aBangalore _bAnkitha Pusthaka _c2003 |
||
| 300 | _a62p | ||
| 650 |
_aKannada _9231574 |
||
| 999 |
_c239349 _d239349 |
||